Language Quiz

Random Language or Italian Quiz

Language Basics: Italian Quiz Stats

 Plays Quiz Updated Jan 21, 2019

Support Sporcle.
Go Orange.
Score 0/55 Timer 08:00
5 Plays Today
Hint Answer % Correct
Oneuno
95.7%
Threetre
90.5%
Nono
88%
Yes
84.2%
Twodue
83.9%
Italian (the language)italiano
82.8%
Byeciao / arrivederci
81.2%
Hisalve / ciao
80.1%
Fivecinque
76.5%
Fourquattro
76.1%
Sixsei
76%
Eightotto
74.7%
Sevensette
73.1%
Thanksgrazie
72.9%
Goodbuono
72%
Ninenove
71.9%
Biggrande
69.8%
Tendieci
66.1%
Greenverde
65.5%
Redrosso
63.8%
Mondaylunedì
63.8%
Whitebianco
63.5%
Pleaseper favore
61.9%
Blacknero
59.9%
Whatcosa
59.5%
Tuesdaymartedì
59.1%
Wheredove
59.1%
How are you?Come stai?
58.9%
Hint Answer % Correct
My name is…Mi chiamo…
58.4%
Whenquando
57.4%
Smallpiccolo
57.3%
Saturdaysabato
56.9%
Badbrutto
56.1%
Wednesdaymercoledì
56%
Whyperché
55.7%
Sorry!Scusa!
55.7%
Novembernovembre
55.7%
Marchmarzo
55.5%
Sundaydomenica
54.7%
Octoberottobre
54.4%
Whochi
54.3%
Septembersettembre
53.5%
Aprilaprile
53.5%
Fridayvenerdì
53.4%
Blueblu
52.9%
Thursdaygiovedì
52.1%
Augustagosto
51.2%
Decemberdicembre
50.3%
I don't knowNon lo so
47%
Februaryfebbraio
46.4%
I don't understandNon capisco
46.1%
Maymaggio
46%
Januarygennaio
45.4%
Julyluglio
40.3%
Junegiugno
38.5%

You're not logged in!

Compare scores with friends on all Sporcle quizzes.
OR
Log In
Forgot?

From the Vault

Album of the Year Nominees: '90s, '00s, '10s

by Flags12345

Music 15m
Milli Vanilli juuust missed the cut.
Remove Ads.
Support Sporcle.
Get the best of Sporcle when you Go Orange. This ad-free experience offers more features, more stats, and more fun while also helping to support Sporcle. Thank you for becoming a member.

Show Comments

Extras

Top Quizzes Today


Score Distribution

Your Account Isn't Verified!

In order to create a playlist on Sporcle, you need to verify the email address you used during registration. Go to your Sporcle Settings to finish the process.

Report this User

Report this user for behavior that violates our Community Guidelines.

Details: